| 000 | 00530nam a2200169 i 4500 | ||
|---|---|---|---|
| 001 | bg | ||
| 245 | 0 |
_aMetals handbook. _nVol. 1, _pProperties and selection irons, steels and high-performance alloys / _cprep. under the direction of the ASM International Handbook Committee. |
|
| 250 | _a10th ed. | ||
| 260 |
_aMaterials Park : _bASM Int., _c1990. |
||
| 650 | 9 | _aMetaloznawstwo | |
| 020 | _a0871703777 | ||
| 040 | _cBPK | ||
| 041 | _apol | ||
| 920 | _a0-87170-377-7 | ||
| 942 | _cKS | ||
| 008 | s pl f |000 0 pol | ||
| 999 |
_c29190 _d29190 |
||
| 856 |
_uhttp://koha.tu.koszalin.pl/cgi-bin/koha/opac-detail.pl?biblionumber=29190 _yKatalog online BPK |
||